000 00804cam a2200229 a 4500
001 000003776
005 20200929150550.0
008 920625s1993 sp 001 f spa
020 _a8401325331
040 _aDO-SdBNP
_bspa
_cBNPHU
041 1 7 _aspa
_heng
082 _a813.54
_bP317h
100 1 _aPatterson, James,
_d1947-
_911491
245 1 3 _aLa hora de la araña /
_cJames Patterson ; traducción, D. N. Bentolila.
246 1 4 _aLa hora de la araña: 1976: carrie...1990: el silencio de los corderos...1993: la hora de la araña
260 _aBarcelona :
_bPlaza & Janes,
_c1993.
300 _a[343] p. ;
_c22 cm.
534 _aTítulo original: Along came a spider
650 4 _aNovela estadounidense
_9262
650 4 _aLiteratura estadounidense
_9263
700 1 _aBentolila, D. N.,
_etr.
_911492
999 _c3598
_d3598